000 01591cam a22001934a 4500
005 20250605164340.0
008 250528s ||||||||||||||||||||||||d
035 _a23573
040 _aGR-AtMCL
_bgre
_dGR-AtMCL
_eAACR2
245 1 _aConsumer Behavior Builds Marketing Stratergy./How Apple Inc, Uses Consumer Marketing Behavior to Win. Two Perspectives. Theory and Consumers Perception.
260 _c2017
300 _a111
520 _aIntroduction, Consumer Behavior, the Importance of Consumer Behavior in Marketing, the Definition of Consumer Behavior, Key Features of Consumer Behavior, the Model of the Wheel of Consumer, Affect and Apple Inc, Cognition, the Major Functions of Cognition, Apple Inc and Consumer Behavior, Consumers Environment, Consumers Behavior and Consumer Perception, thw Consumer Decision-Making Process, the Importance of Electronic Word of Mouth (e-WOM), Golden Circle Theory, the Mobile Advertising Channel: Complementary, Comparative Advertising, the Case of Apple Inc, Comoany's International Environment, External Environment Analysis, Marketing Mix of Apple Inc, Marketing and Advertisements, Research Design and Methodology, Purpose of the Research, Research Approach and Reserach Philosophy, Primary Data Survey, Procedure, Limitations, Data Analysis and Results, Economic Recession, Popularity of Apple as a Trustworthy Company, Conclusion and Recommendation, Think Different Logo, Appendix.
700 1 _aVamvouri Aikaterini
_99159
700 1 _aΔρ. Κιτωνάκης Νίκος
_99160
942 _cDS
999 _c8574
_d8574